[Event "San Cristobal de La Laguna rapid op"]
[Site "San Cristobal de La Laguna"]
[Date "2024.08.31"]
[Round "3"]
[White "Chitsazian, Daniel"]
[Black "Roeder, Matthias"]
[Result "0-1"]
[WhiteElo "2113"]
[BlackElo "2345"]
[PlyCount "62"]
[EventDate "2024.08.31"]
[EventType "swiss"]
[EventRounds "9"]
[EventCountry "ESP"]
[SourceTitle "EXT 2025"]
[Source "ChessBase"]
[SourceDate "2024.10.14"]
[SourceVersion "1"]
[SourceVersionDate "2024.10.14"]
[SourceQuality "1"]

1. Nf3 d5 2. c4 d4 3. g3 Nc6 4. Bg2 e5 5. d3 Bb4+ 6. Bd2 a5 7. 0-0 Nf6 8. Na3 0-0 9. Nc2 Bc5 10. b3 e4 11. dxe4 Nxe4 12. Nfe1 Nc3 13. Bxc3 dxc3 14. Nd3 Be7 15. Qe1 Nb4 16. Ne3 Nxd3 17. exd3 Bf6 18. Nd5 Bf5 19. Nxf6+ Qxf6 20. Bxb7 Rad8 21. Be4 Bh3 22. Bg2 Bxg2 23. Kxg2 Rxd3 24. Qe4 Rfd8 25. Rad1 Rd2 26. Rc1 g6 27. a3 Kg7 28. b4 axb4 29. axb4 R8d4 30. Qe3 Rxc4 31. Qxd2 Qc6+ 0-1

[Event "San Cristobal de La Laguna rapid op"]
[Site "San Cristobal de La Laguna"]
[Date "2024.08.31"]
[Round "2"]
[White "Roeder, Matthias"]
[Black "Granda Rodriguez, Jose Manuel"]
[Result "1-0"]
[WhiteElo "2345"]
[BlackElo "1897"]
[PlyCount "69"]
[EventDate "2024.08.31"]
[EventType "swiss"]
[EventRounds "9"]
[EventCountry "ESP"]
[SourceTitle "EXT 2025"]
[Source "ChessBase"]
[SourceDate "2024.10.14"]
[SourceVersion "1"]
[SourceVersionDate "2024.10.14"]
[SourceQuality "1"]

1. Nf3 Nf6 2. g3 d6 3. d4 Nbd7 4. c4 e5 5. Nc3 Be7 6. Bg2 0-0 7. 0-0 c6 8. Qc2 Qc7 9. b3 Re8 10. Bb2 Nf8 11. e4 Bg4 12. d5 cxd5 13. exd5 Qd7 14. Nd2 Bh3 15. f3 Bd8 16. Rae1 Bb6+ 17. Kh1 Rac8 18. Qd3 Bd4 19. Ba1 h6 20. Nb5 Bb6 21. Bxh3 Qxh3 22. Nxd6 e4 23. N2xe4 Nxe4 24. fxe4 Ng6 25. Rxf7 Ne5 26. Bxe5 Rxe5 27. Qf1 Qxf1+ 28. Rfxf1 Rc7 29. Nf5 Ba5 30. Re2 Rf7 31. Kg2 Bd8 32. h4 Kh7 33. Nd4 Rfe7 34. Ne6 Ba5 35. Nf8+ 1-0

[Event "San Cristobal de La Laguna op-A 6th"]
[Site "San Cristobal de La Laguna"]
[Date "2024.08.26"]
[Round "4"]
[White "Kurajica, Bojan"]
[Black "Roeder, Matthias"]
[Result "1/2-1/2"]
[WhiteElo "2418"]
[BlackElo "2312"]
[PlyCount "52"]
[EventDate "2024.08.24"]
[EventType "swiss"]
[EventRounds "9"]
[EventCountry "ESP"]
[SourceTitle "CBM 221 Extra"]
[Source "ChessBase"]
[SourceDate "2024.09.30"]
[SourceVersion "1"]
[SourceVersionDate "2024.09.30"]
[SourceQuality "1"]

1. Nf3 Nf6 2. d4 d5 3. c4 e6 4. Nc3 Bb4 5. Bd2 0-0 6. e3 c5 7. cxd5 cxd4 8. Nxd4 Nxd5 9. Rc1 Nxc3 10. Bxc3 Bxc3+ 11. Rxc3 e5 12. Nb5 Qxd1+ 13. Kxd1 Nc6 14. Bc4 Rd8+ 15. Ke2 Bf5 16. f3 e4 17. Bb3 Rd7 18. Rd1 Rad8 19. Rxd7 Rxd7 20. f4 h5 21. h3 a6 22. Rc5 g6 23. Nc3 Nb4 24. Rc4 Nd3 25. Nxe4 Bxe4 26. Rxe4 Nc1+ 1/2-1/2

[Event "La Palma Island op"]
[Site "Santa Cruz de La Palma"]
[Date "2023.08.07"]
[Round "4"]
[White "Perez Perez, Gabriel"]
[Black "Roeder, Matthias"]
[Result "1/2-1/2"]
[WhiteElo "2214"]
[BlackElo "2335"]
[PlyCount "26"]
[EventDate "2023.08.05"]
[EventType "swiss"]
[EventRounds "9"]
[EventCountry "ESP"]
[SourceTitle "CBM 215 Extra"]
[Source "ChessBase"]
[SourceDate "2023.09.30"]
[SourceVersion "1"]
[SourceVersionDate "2023.09.30"]
[SourceQuality "1"]

1. e4 c5 2. Nf3 d6 3. c3 Nf6 4. Be2 g6 5. 0-0 Bg7 6. Bb5+ Bd7 7. Bxd7+ Nfxd7 8. d4 0-0 9. d5 Na6 10. Bg5 h6 11. Bh4 Nc7 12. a4 g5 13. Bg3 f5 1/2-1/2

[Event "La Palma Island op"]
[Site "Santa Cruz de La Palma"]
[Date "2023.08.05"]
[Round "1"]
[White "Roeder, Matthias"]
[Black "Quevedo Olivares, Carlos Tomas"]
[Result "1-0"]
[WhiteElo "2335"]
[BlackElo "1600"]
[PlyCount "47"]
[EventDate "2023.08.05"]
[EventType "swiss"]
[EventRounds "9"]
[EventCountry "ESP"]
[SourceTitle "CBM 215 Extra"]
[Source "ChessBase"]
[SourceDate "2023.09.30"]
[SourceVersion "1"]
[SourceVersionDate "2023.09.30"]
[SourceQuality "1"]

1. d4 g6 2. e4 Bg7 3. Nc3 d6 4. Be3 Nf6 5. h4 c6 6. h5 Nxh5 7. Rxh5 gxh5 8. Qxh5 Qb6 9. 0-0-0 Qc7 10. Nf3 b5 11. Ng5 e6 12. e5 d5 13. Bd3 b4 14. Na4 Bf8 15. Rh1 Na6 16. Nxh7 Bg7 17. Qg5 Bb7 18. Bxa6 Bxa6 19. Nc5 Bb7 20. Qxg7 0-0-0 21. Qf6 Qa5 22. Qxf7 Ba8 23. Kb1 b3 24. cxb3 1-0

[Event "Benasque op 42nd"]
[Site "Benasque"]
[Date "2023.07.09"]
[Round "6"]
[White "Roeder, Matthias"]
[Black "Hovhannisyan, Robert"]
[Result "0-1"]
[WhiteElo "2334"]
[BlackElo "2607"]
[PlyCount "140"]
[EventDate "2023.07.05"]
[EventType "swiss"]
[EventRounds "9"]
[EventCountry "ESP"]
[SourceTitle "EXT 2024"]
[Source "ChessBase"]
[SourceDate "2023.10.10"]
[SourceVersion "1"]
[SourceVersionDate "2023.10.10"]
[SourceQuality "1"]

1. Nf3 d5 2. d4 Nf6 3. Bf4 c5 4. e3 Nc6 5. Be2 Bg4 6. 0-0 e6 7. Nbd2 cxd4 8. exd4 Bd6 9. Bxd6 Qxd6 10. c3 Qc7 11. Re1 0-0 12. a4 Rfe8 13. Ne5 Nxe5 14. dxe5 Bxe2 15. Qxe2 Nd7 16. Nf3 a6 17. Nd4 Rac8 18. Qh5 g6 19. Qg5 Qb6 20. Re2 Rc4 21. Qh6 Rec8 22. Nf3 Nf8 23. Ng5 Qb3 24. a5 Ra4 25. Rae1 Ra2 26. Qh4 Qc4 27. f4 Ra1 28. Rxa1 Qxe2 29. Qf2 Qc4 30. Qe3 Qb5 31. b4 Rc4 32. Rd1 Qa4 33. Rd3 Qa1+ 34. Kf2 Qb1 35. Nf3 Rxf4 36. Rd4 Rxd4 37. Nxd4 Nd7 38. Nf3 Kg7 39. Kg3 Qf1 40. h4 h6 41. Nh2 Qc4 42. Nf3 Qc7 43. Kf2 b6 44. axb6 Nxb6 45. Ke1 Na4 46. Kd2 Qc4 47. Nd4 Qc7 48. Kc2 Nb6 49. h5 Nc4 50. Qh3 Qxe5 51. hxg6 Qe4+ 52. Kd1 Qxg6 53. Qf3 Qb1+ 54. Ke2 Qb2+ 55. Ke1 Qd2+ 56. Kf1 Ne3+ 57. Kg1 Qxc3 58. Qg3+ Kh7 59. Qf4 Qc1+ 60. Kf2 Nd1+ 61. Kg3 Qe3+ 62. Nf3 Qxf4+ 63. Kxf4 f6 64. Ne1 Kg6 65. Nd3 e5+ 66. Kg3 Nc3 67. Nc5 Ne4+ 68. Kf3 Nxc5 69. bxc5 Kf7 70. c6 Ke7 0-1

[Event "San Cristobal de La Laguna op 4th"]
[Site "San Cristobal de La Laguna"]
[Date "2022.09.01"]
[Round "7"]
[White "Roeder, Matthias"]
[Black "Hidalgo Santana, Fernando"]
[Result "1-0"]
[WhiteElo "2360"]
[BlackElo "2057"]
[PlyCount "79"]
[EventDate "2022.08.27"]
[EventType "swiss"]
[EventRounds "9"]
[EventCountry "ESP"]
[SourceTitle "CBM 210 Extra"]
[Source "ChessBase"]
[SourceDate "2022.11.30"]
[SourceVersion "1"]
[SourceVersionDate "2022.11.30"]
[SourceQuality "1"]

1. Nf3 Nf6 2. g3 g6 3. b3 Bg7 4. Bb2 d5 5. c4 c6 6. Bg2 0-0 7. 0-0 Re8 8. Qc2 Na6 9. d3 Bg4 10. Nbd2 Bxf3 11. Nxf3 Rc8 12. a3 e6 13. b4 Nd7 14. d4 b5 15. c5 e5 16. e4 dxe4 17. Nxe5 Nxe5 18. dxe5 Bxe5 19. Bxe5 Rxe5 20. Bxe4 Qe8 21. Bf3 Nc7 22. Rad1 Ne6 23. Rd6 Ng5 24. Qd3 Nxf3+ 25. Qxf3 Rf5 26. Qc3 h5 27. Re1 Qf8 28. Red1 Qe7 29. Rd7 Qg5 30. h4 Qf6 31. Qxf6 Rxf6 32. Rd8+ Rxd8 33. Rxd8+ Kg7 34. Ra8 Kh6 35. f4 Re6 36. Rxa7 Re3 37. Kf2 Rb3 38. Ra6 Rb2+ 39. Kf3 Rb3+ 40. Kg2 1-0

[Event "La Palma Island op"]
[Site "Santa Cruz de La Palma"]
[Date "2022.08.08"]
[Round "4"]
[White "Martinez Reyes, Pedro Ramon"]
[Black "Roeder, Matthias"]
[Result "1/2-1/2"]
[WhiteElo "2408"]
[BlackElo "2360"]
[PlyCount "127"]
[EventDate "2022.08.06"]
[EventType "swiss"]
[EventRounds "9"]
[EventCountry "ESP"]
[SourceTitle "CBM 209 Extra"]
[Source "ChessBase"]
[SourceDate "2022.09.30"]
[SourceVersion "1"]
[SourceVersionDate "2022.09.30"]
[SourceQuality "1"]

1. e4 c5 2. Nf3 d6 3. d4 cxd4 4. Nxd4 Nf6 5. Nc3 a6 6. Be3 e5 7. Nb3 Be6 8. f3 h5 9. Qd2 Nbd7 10. 0-0-0 Rc8 11. Kb1 Qc7 12. Rc1 Nb6 13. h3 h4 14. Qf2 Nfd7 15. f4 exf4 16. Bd4 Nc4 17. Nd5 Bxd5 18. exd5 Nce5 19. Qxf4 Be7 20. Bd3 g6 21. Rhf1 Qd8 22. Rce1 0-0 23. Be2 Bg5 24. Qf2 b5 25. Rd1 Qc7 26. c3 Rce8 27. Rfe1 Qd8 28. Ka1 f5 29. Ba7 Nf6 30. Nd4 Ne4 31. Qg1 Qd7 32. Ne6 Rxe6 33. dxe6 Qxe6 34. Qb6 Bd2 35. Rxd2 Nxd2 36. Rd1 Nec4 37. Qf2 Qe4 38. Bxc4+ Nxc4 39. Re1 Qd3 40. Bd4 Qd2 41. Qxd2 Nxd2 42. Re7 Rf7 43. Re8+ Rf8 44. Re6 Ne4 45. Rxg6+ Kf7 46. Rg7+ Ke6 47. Kb1 Kd5 48. Kc2 a5 49. Kd3 a4 50. Ke3 f4+ 51. Kf3 b4 52. Rb7 bxc3 53. bxc3 Nd2+ 54. Kg4 Rg8+ 55. Rg7 Rb8 56. Ra7 Rg8+ 57. Kxf4 Rxg2 58. Ra5+ Kc6 59. Rxa4 Rg3 60. Ra6+ Kd5 61. Ra5+ Kc6 62. Ra6+ Kd5 63. Ra5+ Kc6 64. Ra6+ 1/2-1/2

[Event "EU-Cup 36th"]
[Site "Struga"]
[Date "2021.09.23"]
[Round "6.2"]
[White "Miljkovic, Mihajlo"]
[Black "Roeder, Matthias"]
[Result "0-1"]
[WhiteElo "2217"]
[BlackElo "2372"]
[PlyCount "58"]
[EventDate "2021.09.18"]
[EventType "team-swiss"]
[EventRounds "7"]
[EventCountry "MKD"]
[SourceTitle "CBM 204 Extra"]
[Source "ChessBase"]
[SourceDate "2021.11.30"]
[SourceVersion "1"]
[SourceVersionDate "2021.11.30"]
[SourceQuality "1"]
[WhiteTeam "Gostivar"]
[BlackTeam "Wirtzfeld"]
[WhiteTeamCountry "MKD"]
[BlackTeamCountry "BEL"]

1. d4 Nf6 2. c4 e6 3. Nc3 Bb4 4. Qc2 c5 5. dxc5 Bxc5 6. Nf3 Qc7 7. Bg5 a6 8. e3 Be7 9. Be2 d6 10. 0-0 Nbd7 11. Rfd1 b6 12. Rd2 Bb7 13. Rad1 Rd8 14. Bxf6 Nxf6 15. Qa4+ Nd7 16. Nd4 0-0 17. Bf3 Rc8 18. Bxb7 Qxb7 19. Nce2 Nc5 20. Qa3 d5 21. Rc2 dxc4 22. Rxc4 b5 23. Rc2 b4 24. Qa5 Bd8 25. Qxc5 Rxc5 26. Rxc5 Be7 27. Rc2 Rc8 28. Rdc1 Rxc2 29. Rxc2 Qd5 0-1

[Event "DSOL 02 Liga Gr-C 1st"]
[Site "Playchess.com INT"]
[Date "2020.07.23"]
[Round "5.1"]
[White "Paul, Anatolij"]
[Black "Roeder, Matthias"]
[Result "1/2-1/2"]
[WhiteElo "2061"]
[BlackElo "2365"]
[PlyCount "61"]
[EventDate "2020.06.22"]
[EventType "team-tourn (rapid)"]
[EventCountry "GER"]
[SourceTitle "EXT 2021"]
[Source "ChessBase"]
[SourceDate "2020.10.23"]
[SourceVersion "1"]
[SourceVersionDate "2020.10.23"]
[SourceQuality "1"]
[WhiteTeam "Grosshansdorf"]
[BlackTeam "Brand SF"]
[WhiteTeamCountry "GER"]
[BlackTeamCountry "GER"]

1. d4 Nf6 2. c4 e6 3. g3 Bb4+ 4. Bd2 Be7 5. Bg2 d5 6. Nf3 0-0 7. 0-0 Nbd7 8. Qc2 Ne4 9. Bf4 c6 10. Nbd2 f5 11. Nxe4 dxe4 12. Ne5 Bg5 13. Nxd7 Bxd7 14. Be5 Be8 15. Qc3 Bg6 16. f3 exf3 17. Bxf3 Qe7 18. Rad1 Rad8 19. b4 Rd7 20. e3 Rfd8 21. a4 Bf6 22. Bxf6 Qxf6 23. c5 Qg5 24. b5 Bh5 25. bxc6 Bxf3 26. cxd7 Bxd1 27. Rxd1 Rxd7 28. Qb3 Kf7 29. d5 exd5 30. Rxd5 Rxd5 31. Qxd5+ 1/2-1/2

[Event "DSOL 02 Liga Gr-C 1st"]
[Site "Playchess.com INT"]
[Date "2020.06.25"]
[Round "1.1"]
[White "Roeder, Matthias"]
[Black "Altenhof, Martin"]
[Result "1-0"]
[WhiteElo "2365"]
[BlackElo "2166"]
[PlyCount "135"]
[EventDate "2020.06.22"]
[EventType "team-tourn (rapid)"]
[EventCountry "GER"]
[SourceTitle "EXT 2021"]
[Source "ChessBase"]
[SourceDate "2020.10.23"]
[SourceVersion "1"]
[SourceVersionDate "2020.10.23"]
[SourceQuality "1"]
[WhiteTeam "Brand SF"]
[BlackTeam "Pfullingen"]
[WhiteTeamCountry "GER"]
[BlackTeamCountry "GER"]

1. Nf3 Nf6 2. c4 g6 3. Nc3 Bg7 4. e4 d6 5. d4 0-0 6. Be2 Nbd7 7. 0-0 e5 8. Be3 Re8 9. d5 Nh5 10. g3 Bf8 11. Ne1 Ng7 12. Nd3 f5 13. f3 Be7 14. Qd2 Nf6 15. Bh6 fxe4 16. fxe4 Ng4 17. Bxg4 Bxg4 18. Kg2 Qd7 19. Nf2 Rf8 20. Nxg4 Qxg4 21. Qe2 Qxe2+ 22. Nxe2 a6 23. Nc3 Rxf1 24. Rxf1 Rf8 25. Rxf8+ Kxf8 26. g4 Kf7 27. Be3 g5 28. Kf3 Ne8 29. b4 Kg6 30. a4 b6 31. Bd2 Nf6 32. a5 bxa5 33. bxa5 Nd7 34. Na2 Bd8 35. Nb4 Nc5 36. Nc6 Bf6 37. Ke3 h6 38. Bb4 Nd7 39. Be1 Kf7 40. Bf2 Ke8 41. Kd3 Be7 42. h3 Nf6 43. Nb4 h5 44. Nxa6 hxg4 45. hxg4 Nxg4 46. Nxc7+ Kd7 47. Bb6 Nf2+ 48. Kc2 Bd8 49. a6 Bxc7 50. a7 Bxb6 51. a8Q Bc5 52. Qb7+ Kd8 53. Qf7 g4 54. Kb3 g3 55. Ka4 Nd3 56. Qg8+ Ke7 57. Qxg3 Nf4 58. Qg7+ Ke8 59. Kb5 Ne2 60. Kc6 Nd4+ 61. Kc7 Nb3 62. Qd7+ Kf8 63. Qf5+ Ke7 64. Qe6+ Kf8 65. Kd7 Kg7 66. Ke7 Nd2 67. Qf6+ Kh7 68. Kf7 1-0

[Event "BEL-chT 1920"]
[Site "Belgium"]
[Date "2020.02.16"]
[Round "8.7"]
[White "Goossens, Etienne"]
[Black "Roeder, Matthias"]
[Result "0-1"]
[WhiteElo "2228"]
[BlackElo "2367"]
[PlyCount "82"]
[EventDate "2019.09.29"]
[EventType "team-tourn"]
[EventRounds "11"]
[EventCountry "BEL"]
[SourceTitle "CBM 195 Extra"]
[Source "ChessBase"]
[SourceDate "2020.05.31"]
[SourceVersion "1"]
[SourceVersionDate "2020.05.31"]
[SourceQuality "1"]
[WhiteTeam "Liege Crelel"]
[BlackTeam "Wirtzfeld"]
[WhiteTeamCountry "BEL"]
[BlackTeamCountry "BEL"]

1. e4 c5 2. Nf3 d6 3. Bb5+ Bd7 4. Bxd7+ Qxd7 5. 0-0 Nf6 6. e5 dxe5 7. Nxe5 Qc8 8. Qe2 e6 9. b3 Be7 10. Bb2 0-0 11. Na3 Nc6 12. Nxc6 Qxc6 13. c4 Qe4 14. Rfe1 Qxe2 15. Rxe2 Rfd8 16. Rd1 Rd3 17. Nc2 Rad8 18. Ne1 R3d6 19. Nf3 Ra6 20. Ra1 Rd3 21. Ne5 Rd8 22. Nf3 Rd3 23. Ne5 Rdd6 24. Nf3 Nd7 25. d4 Bf6 26. dxc5 Nxc5 27. Bxf6 gxf6 28. Rc1 Nd3 29. Ra1 Nb4 30. a3 Rd3 31. Re4 Rxb3 32. Rg4+ Kf8 33. a4 Rxa4 34. Rf1 Rba3 35. Rh4 Ra1 36. Rxh7 Kg8 37. Rh5 Nd3 38. Rh4 e5 39. Rg4+ Kh7 40. Nh4 Nf4 41. h3 Rxf1+ 0-1

[Event "BEL-chT 1920"]
[Site "Belgium"]
[Date "2019.11.17"]
[Round "4.6"]
[White "Blom, Vincent"]
[Black "Roeder, Matthias"]
[Result "1/2-1/2"]
[WhiteElo "2284"]
[BlackElo "2367"]
[PlyCount "33"]
[EventDate "2019.09.29"]
[EventType "team-tourn"]
[EventRounds "11"]
[EventCountry "BEL"]
[SourceTitle "CBM 195 Extra"]
[Source "ChessBase"]
[SourceDate "2020.05.31"]
[SourceVersion "1"]
[SourceVersionDate "2020.05.31"]
[SourceQuality "1"]
[WhiteTeam "Wachtebeke"]
[BlackTeam "Wirtzfeld"]
[WhiteTeamCountry "BEL"]
[BlackTeamCountry "BEL"]

1. c4 c6 2. Nf3 d5 3. e3 Nf6 4. Nc3 e6 5. b3 Bd6 6. Bb2 0-0 7. h3 a6 8. d4 Nbd7 9. Bd3 e5 10. cxd5 cxd5 11. dxe5 Nxe5 12. 0-0 Re8 13. Be2 Nc6 14. Bd3 Ne5 15. Be2 Nc6 16. Bd3 Ne5 17. Be2 1/2-1/2

[Event "San Cristobal de La Laguna op 2nd"]
[Site "San Cristobal de La Laguna"]
[Date "2019.09.05"]
[Round "6"]
[White "Roeder, Matthias"]
[Black "Lopez Mijail, Nicolas"]
[Result "1/2-1/2"]
[WhiteElo "2373"]
[BlackElo "2043"]
[PlyCount "129"]
[EventDate "2019.08.31"]
[EventType "swiss"]
[EventRounds "9"]
[EventCountry "ESP"]
[SourceTitle "EXT 2020"]
[Source "ChessBase"]
[SourceDate "2019.10.17"]
[SourceVersion "1"]
[SourceVersionDate "2019.10.17"]
[SourceQuality "1"]

1. Nf3 Nf6 2. g3 d5 3. Bg2 e6 4. 0-0 Be7 5. c4 0-0 6. b3 c5 7. cxd5 exd5 8. d4 Nc6 9. Bb2 Be6 10. Nc3 h6 11. dxc5 Bxc5 12. Na4 Be7 13. Nd4 Nxd4 14. Bxd4 b6 15. Qd3 Qd7 16. Nc3 Bf5 17. Qb5 Rad8 18. Rad1 Ne4 19. Qxd7 Rxd7 20. e3 Rc8 21. Nxe4 dxe4 22. a4 Bb4 23. h3 h5 24. Rc1 Rdc7 25. Rxc7 Rxc7 26. g4 hxg4 27. hxg4 Bxg4 28. Bxe4 Be2 29. Rb1 Kf8 30. f3 f6 31. Kf2 Ba6 32. Rh1 Bc8 33. Bd5 Ke7 34. f4 Be6 35. Bxe6 Kxe6 36. Kf3 Rc2 37. Rh8 Bc5 38. Rc8 Kd7 39. Rg8 Bxd4 40. Rxg7+ Ke6 41. exd4 Rc3+ 42. Kg4 a5 43. f5+ Kd5 44. Rf7 Rxb3 45. Rxf6 Rb4 46. Kg5 Rxd4 47. Rxb6 Rxa4 48. f6 Ra1 49. f7 Rg1+ 50. Kh6 Rf1 51. Kg7 Rxf7+ 52. Kxf7 Kc5 53. Ra6 Kb4 54. Ke6 a4 55. Kd5 a3 56. Kd4 Kb3 57. Kd3 Kb2 58. Kd2 a2 59. Rb6+ Ka1 60. Ra6 Kb2 61. Ra8 Kb1 62. Rb8+ Ka1 63. Ra8 Kb1 64. Rxa2 Kxa2 65. Ke1 1/2-1/2